Tous les champions de basket-ball de l'Euroligue - Statistiques

Statistiques générales
  • Ce quiz a été pris 213 fois
  • Le résultat moyen est 6 sur 22
Statistiques - réponses
Équipe Fois % Correct
Real Madrid 11
94%
Olympiacos 3
87%
Panathinaikos 7
66%
Fenerbahçe 1
56%
Barcelona 2
55%
Limoges CSP
47%
Partizan
43%
Maccabi Tel Aviv 6
38%
Anadolu Efes
34%
Zalgiris
30%
CSKA Moscow 8
19%
Virtus Bologna
17%
Olimpia Milano
12%
Split
6%
Virtus Roma
4%
Varese 5
2%
Bosna
1%
Cantù
1%
Cibona
1%
Joventut Badalona
1%
Dinamo Tbilisi
0%
Rīgas ASK
0%
Aucun quiz correspondant
Distribution des résultats
% des personnes avec chaque résultat
Percentile par nombre de réponses
Votre historique - résultats
Vous n’avez pas pris ce quiz